书目信息 |
| 书名: | Mount Qomolangma | |
| 作者: | Zhang Rongzu | |
| 分册号: | ||
| 分册名: | 出版地: | Beijing : |
|
| 出版社: | Foreign Languages Press | |
| 出版时间: | 1981. | |
| 页数: | 64 p., [12] p. of plates : | |
| 开本: | 19 cm. | |
| 丛书名: | ||
| 中图分类号: | ||
| 科图分类号: | ||
| 其他分类号: | H319.4 | |
| 主题词: | ||
| 电子资源: | ||
| 000 | 01151nam 2200325 a 4500 | |
| 001 | E0732367155 | |
| 005 | 20070210090522.59 | |
| 008 | 830224s1981 cc af 000 0 eng | |
| 008 | uu | |
| 010 | @a82175426 | |
| 041 | 1 | @aengchi |
| 043 | @aa-cc--- @aa-np--- | |
| 049 | @aN5LA | |
| 050 | 0 | @aDS495.8.E9 @bC5313 1981 |
| 082 | 0 | @a915.49/6 @219 |
| 090 | @a2/P941.76/ZRZ////////////////941003-5/ 3cop./*365046-8/ cop.4-6 | |
| 090 | @aH319.4 | |
| 096 | @aP941.76 @v2 | |
| 099 | @dH319.4@ex361 | |
| 100 | 10 | @aZhang, Rongzu. |
| 240 | 10 | @aShi jie di yi feng, Zhumulangma. @lEnglish |
| 245 | 10 | @aMount Qomolangma :@bthe highest in the world / @cZhang Rongzu |
| 250 | @a1st ed. | |
| 260 | 0 | @aBeijing :@bForeign Languages Press,@c1981. |
| 300 | @a64 p., [12] p. of plates :@bill. (some col.) ;@c19 cm. | |
| 500 | @aTranslation of: Shih chieh ti | |
| 500 | @aColophon title in Chinese. | |
| 651 | 0 | @aEverest, Mount (China and Nepal) |
| 740 | 0 | @aShi jie di yi feng, Zhumulangma. @b00 @c20020930 @lNLC09 @h2248 @lNLC09 @h2326 @lNLC09 @h1918 @b40 @c20030120 @lNLC09 @h1259 |
| 852 | 9 | @bWWJC @cJ08S @k2 @hP941.76 @iZRZ |
| Mount Qomolangma : : the highest in the world / / Zhang Rongzu.-1st ed.-Beijing : : Foreign Languages Press, , 1981. |
| 64 p., [12] p. of plates : : ill. (some col.) ; ; 19 cm. |
| Translation of: Shih chieh ti.-Colophon title in Chinese. |
| ISBN |
| ● |
| 相关链接 |
|
|
|
|
正题名:Mount Qomolangma
索取号:H319.4/x361
 
预约/预借
| 序号 | 登录号 | 条形码 | 馆藏地/架位号 | 状态 | 备注 |
| 1 | 49350 | 202454771 | 第四借阅区/ [索取号:H319.4/x361] | 在馆 | |
| 2 | 49351 | 202454780 | 第四借阅区/ [索取号:H319.4/x361] | 在馆 |